000 00654nam#a22002535a#4500
001 1118
008 100412s2002####sp#a###g######001#0#spa#d
245 1 0 _aAjedrez metódico /
_cChristophe Bernard y Bernard Lerique.
250 _a2ª ed.
260 _aBarcelona :
_bPaidotribo,
_c2002.
300 _a180 p. :
_bil. byn. ;
_c22 cm.
505 0 _aContiene glosario.
020 _a8480194480
100 1 _aBernard, Christophe.
700 1 _aLerique, Bernard.
080 _a794.12
084 _aB39
653 _aAjedrez
653 _aTécnicas de juego
040 _aAR-ClEAG
_cAR-ClEAG
005 20241107184658.0
003 AR-ClEAG
942 _cBK
999 _c1118
_d1118
980 _62
_aEvangelina Gallicchio
_82
_gEvangelina Gallicchio